El arbitraje la Justicia Alternativa (Record no. 14024)
[ view plain ]
| 000 -CABECERA | |
|---|---|
| campo de control de longitud fija | 01362nam a2200301 4500 |
| 003 - IDENTIFICADOR DEL NÚMERO DE CONTROL | |
| campo de control | EC-UNACH |
| 005 - FECHA Y HORA DE LA ÚLTIMA TRANSACCIÓN | |
| campo de control | 20251016165131.0 |
| 006 - CÓDIGOS DE INFORMACIÓN DE LONGITUD FIJA--CARACTERÍSTICAS DEL MATERIAL ADICIONAL | |
| campo de control de longitud fija | s||||gr|||| 00| 00 |
| 008 - DATOS DE LONGITUD FIJA--INFORMACIÓN GENERAL | |
| campo de control de longitud fija | 150116t9999 mx r gr 000 0 spa d |
| 020 ## - NÚMERO INTERNACIONAL ESTÁNDAR DEL LIBRO | |
| Número Internacional Estándar del Libro | 978-9942-01-350-7 |
| 040 ## - FUENTE DE LA CATALOGACIÓN | |
| Centro catalogador/agencia de origen | EC-UNACH |
| Centro/agencia transcriptor | EC-UNACH |
| 041 ## - CÓDIGO DE LENGUA | |
| Código de lengua del texto/banda sonora o título independiente | spa |
| 082 04 - NÚMERO DE LA CLASIFICACIÓN DECIMAL DEWEY | |
| Número de edición | 23 |
| Número de clasificación | 341 |
| Número de documento/Ítem | L004731 |
| 110 ## - ENTRADA PRINCIPAL--NOMBRE DE ENTIDAD CORPORATIVA | |
| Nombre de entidad corporativa o nombre de jurisdicción como elemento de entrada | Distrilib |
| 245 ## - MENCIÓN DE TÍTULO | |
| Título | El arbitraje la Justicia Alternativa |
| 250 ## - MENCIÓN DE EDICIÓN | |
| Mención de edición | Segunda Edición |
| 264 ## - Producción, publicación, distribución, fabricación y copyright | |
| Lugar de producción, publicación, distribución, fabricación | Ecuador |
| Nombre del de productor, editor, distribuidor, fabricante | Distrilib |
| Fecha de de producción, publicación, distribución, fabricación o copyright | 2007 |
| 300 ## - DESCRIPCIÓN FÍSICA | |
| Extensión | 514 |
| 505 ## - NOTA DE CONTENIDO CON FORMATO | |
| Nota de contenido con formato | Primera parte Capitulo 1- Consideraciones preliminares Capitulo 2- Clases de arbitraje Capitulo 3- Naturaleza jurídica del arbitraje Capitulo 4- El convenio arbitral Capitulo 5- Los árbitros Capitulo 6- El proceso arbitral Capitulo 7- El lado arbitral Capitulo 8- La nulidad del laudo arbitral Capitulo 9- Primera parte nociones sobre arbitraje internacional Capitulo 10- Arbitraje internacional Capitulo 11- El espíritu innovador de la ley de arbitraje y mediación Capitulo 12- Valoración critica de las características de la ley de arbitraje y mediación codificada.E |
| 650 ## - PUNTO DE ACCESO ADICIONAL DE MATERIA--TÉRMINO DE MATERIA | |
| 9 (RLIN) | El arbitraje |
| 650 ## - PUNTO DE ACCESO ADICIONAL DE MATERIA--TÉRMINO DE MATERIA | |
| Término de materia o nombre geográfico como elemento inicial | Justicia alternativa |
| 650 ## - PUNTO DE ACCESO ADICIONAL DE MATERIA--TÉRMINO DE MATERIA | |
| 9 (RLIN) | Aspectos generales |
| 700 ## - PUNTO DE ACCESO ADICIONAL--NOMBRE DE PERSONA | |
| Nombre de persona | Ernesto Salcedo Verduga |
| 942 ## - ELEMENTOS DE PUNTO DE ACCESO ADICIONAL (KOHA) | |
| Fuente del sistema de clasificación o colocación | Clasificación Decimal Dewey |
| Tipo de ítem Koha | Libros |
| 999 ## - NÚMEROS DE CONTROL DE SISTEMA (KOHA) | |
| Koha biblionumber | 14024 |
| Estado de pérdida | Fuente del sistema de clasificación o colocación | Estado dañado | No para préstamo | Localización permanente | Ubicación/localización actual | Ubicación en estantería | Fecha de adquisición | Fuente de adquisición | Número de inventario | Total de préstamos | Signatura topográfica completa | Código de barras | Fecha visto por última vez | Precio válido a partir de | Tipo de ítem Koha | Centro de costos |
|---|---|---|---|---|---|---|---|---|---|---|---|---|---|---|---|---|
| Clasificación Decimal Dewey | Biblioteca Campus Norte | Biblioteca Campus Norte | Facultad de Ciencias Políticas y Administrativas - Generalidades | 16/10/2025 | Transitoria segunda Resolución N°0311-CU-UNACH-SE-ORD-16-09-24 | 39932823 | 341 SAL L004731 | L004731 | 16/10/2025 | 16/10/2025 | Libros |